Sports Quiz

Random Sports or MLB Quiz

MLB Todd Zeile's All-Star Teammates Quiz Stats

Quiz Updated Oct 14, 2016

Challenge
Share
Tweet
Embed
Score 0/50 Timer 12:00
2 Plays Today
Year All-Star % Correct
1999Ivan Rodriguez
83%
1998 Ivan Rodriguez
83%
1989 Ozzie Smith
79.1%
1990 Ozzie Smith
79.1%
1991 Ozzie Smith
79.1%
1992 Ozzie Smith
79.1%
1994 Ozzie Smith
79.1%
1995 Ozzie Smith
79.1%
1991 Lee Smith
78.3%
1992 Lee Smith
78.3%
1993 Lee Smith
78.3%
1997Mike Piazza
76.3%
2000 Mike Piazza
76.3%
2001Mike Piazza
76.2%
2004Mike Piazza
76.2%
1996 Cal Ripken, Jr.
70.3%
1998 Juan Gonzalez
66.5%
1995 Sammy Sosa
60.6%
2003 Roger Clemens
58.6%
2002Todd Helton
58.4%
1998Mike Piazza
56.3%
1989 Pedro Guerrero
54.5%
2003 Jorge Posada
54.1%
1999 Rafael Palmeiro
53.8%
1996 Brady Anderson
41.8%
Year All-Star % Correct
2003 Jason Giambi
41.5%
2003 Alfonso Soriano
36.6%
1995 Mark Grace
30.8%
1989 Vince Coleman
27.5%
2000Al Leiter
26.6%
2003 Jose Vidro
25.1%
1996 Roberto Alomar
23.2%
2003 Hideki Matsui
22%
2000 Edgardo Alfonzo
17.9%
1998 Edgar Renteria
14.6%
2004 Tom Glavine
13.7%
1998John Wetteland
12.1%
1999 John Wetteland
12.1%
1992 Tom Pagnozzi
10%
1993 Gregg Jefferies
8.7%
1994 Gregg Jefferies
8.7%
1992 Bob Tewksbury
8.3%
1989 Tony Pena
7.9%
1995 Randy Myers
5.9%
2001 Rick Reed
4.6%
1998 Aaron Sele
4.3%
1991Felix Jose
4%
1999 Jeff Zimmerman
4%
1996 Ricky Bottalico
4%
1995 Tom Henke
3.6%

You're not logged in!

Compare scores with friends on all Sporcle quizzes.
Join for Free
OR
Log In

You Might Also Like...

Show Comments

Extras

Top Quizzes Today


Score Distribution

Your Account Isn't Verified!

In order to create a playlist on Sporcle, you need to verify the email address you used during registration. Go to your Sporcle Settings to finish the process.

Report this User

Report this user for behavior that violates our Community Guidelines.

Details: